[Event "SR 1. liga zapad 2010/2011"]
[Site "?"]
[Date "2011.02.13"]
[Round "7.5"]
[White "Kolcak, Marek"]
[Black "Certek, Pavel"]
[Result "1/2-1/2"]
[WhiteElo "2146"]
[BlackElo "2250"]
[PlyCount "116"]
[EventDate "2010.??.??"]

1. e4 c5 2. Nf3 g6 3. c3 Bg7 4. d4 cxd4 5. cxd4 d5 6. e5 Nc6 7. h3 Bf5 8. Nc3
Be4 9. Be3 Bxf3 10. Qxf3 e6 11. Bd3 Nge7 12. O-O O-O 13. Rfd1 f6 14. Qg4 Nf5
15. exf6 Qxf6 16. Bg5 Qf7 17. Bxf5 exf5 18. Qf4 Rfe8 19. Bh6 Bf6 20. Bg5 Rad8
21. Bxf6 Qxf6 22. Re1 Rxe1+ 23. Rxe1 Qxd4 24. Qxd4 Nxd4 25. Rd1 Nc6 26. Rxd5
Rxd5 27. Nxd5 Kf7 28. Kf1 Ke6 29. Nc3 Ke5 30. Ke2 Kd4 31. h4 a6 32. Kd2 Kc4 33.
Ne2 Nb4 34. b3+ Kd5 35. a3 Nc6 36. Ke3 b5 37. Nf4+ Kd6 38. Nd3 Na5 39. b4 Nc4+
40. Kd4 Nxa3 41. Nc5 Nc2+ 42. Kc3 Ne1 43. g3 Nf3 44. Nxa6 Ne5 45. Nc5 Kd5 46.
Nd3 Ng4 47. f3 Ne5 48. Nxe5 Kxe5 49. Kd3 Kd5 50. Kc3 h6 51. Kd3 Ke5 52. Ke3 Kd5
53. Kd3 g5 54. hxg5 hxg5 55. g4 Ke5 56. Ke3 fxg4 57. fxg4 Kd5 58. Kd3 Ke5
1/2-1/2

[Event "SR 1. liga zapad 2010/2011"]
[Site "?"]
[Date "2011.02.13"]
[Round "7.5"]
[White "Kujovic, Michal"]
[Black "Pacher, Milan"]
[Result "1/2-1/2"]
[WhiteElo "2344"]
[BlackElo "2399"]
[PlyCount "72"]
[EventDate "2010.??.??"]

1. e4 c5 2. Nc3 e6 3. Nf3 Nc6 4. Bb5 Nd4 5. Bc4 a6 6. Nxd4 cxd4 7. Ne2 d5 8.
exd5 exd5 9. Bd3 Qf6 10. c3 dxc3 11. dxc3 Bc5 12. O-O Ne7 13. Nd4 O-O 14. Be3
Ng6 15. Ne6 fxe6 16. Bxc5 Re8 17. f4 Bd7 18. Bd4 Qf7 19. Bxg6 Qxg6 20. Rf3 Re7
21. Rg3 Qh6 22. Be5 Be8 23. Qd4 Rc8 24. Re1 Rc6 25. Ree3 g6 26. h4 Qf8 27. h5
Qf5 28. Qb4 Rd7 29. Rg5 Qb1+ 30. Kh2 h6 31. Rxg6+ Bxg6 32. Rg3 Qf5 33. Rxg6+
Kh7 34. g4 Qc2+ 35. Kg3 Rf7 36. Qf8 Rxf8 1/2-1/2

[Event "SR 1. liga zapad 2010/2011"]
[Site "?"]
[Date "2011.02.13"]
[Round "7.5"]
[White "Lipka, Juraj"]
[Black "Havlicek, Libor"]
[Result "1/2-1/2"]
[WhiteElo "2414"]
[BlackElo "2330"]
[PlyCount "51"]
[EventDate "2010.??.??"]

1. d4 Nf6 2. c4 c5 3. Nf3 cxd4 4. Nxd4 Nc6 5. g3 Qb6 6. Nb3 Ne5 7. c5 Qc6 8.
Rg1 d5 9. cxd6 exd6 10. Bg2 Qa6 11. Nc3 Be6 12. Nd4 Be7 13. Qa4+ Qxa4 14. Nxa4
Bd5 15. Bh3 O-O 16. Bf4 Rfe8 17. Nc3 Bc4 18. Ndb5 Bf8 19. Be3 Bxb5 20. Nxb5 Nd5
21. Rd1 Nxe3 22. fxe3 Rad8 23. Nc7 Re7 24. Nd5 Ree8 25. Nc7 Re7 26. Nd5 1/2-1/2

[Event "SR 1. liga zapad 2010/2011"]
[Site "?"]
[Date "2011.02.13"]
[Round "7.5"]
[White "Ruckschloss, Karol"]
[Black "Petenyi, Tamas"]
[Result "0-1"]
[WhiteElo "2271"]
[BlackElo "2393"]
[PlyCount "70"]
[EventDate "2010.??.??"]

1. c4 e5 2. Nc3 Bb4 3. g3 Bxc3 4. dxc3 d6 5. Bg2 Ne7 6. e4 Nbc6 7. Ne2 Be6 8.
b3 Qd7 9. Be3 Bh3 10. Bxh3 Qxh3 11. Qd3 O-O 12. O-O-O f5 13. f4 Qg2 14. exf5
Nxf5 15. Rhf1 Nxe3 16. Qxe3 Rae8 17. f5 Ne7 18. Qd3 e4 19. Qd2 Nxf5 20. Qd5+
Kh8 21. Rxf5 Qxe2 22. c5 Rxf5 23. Qxf5 Qxa2 24. Qf7 Qa1+ 25. Kc2 Qa2+ 26. Kc1
Rg8 27. Qxc7 Qa1+ 28. Kc2 Qa2+ 29. Kc1 dxc5 30. Qxb7 e3 31. Qb5 Qa1+ 32. Kc2
Qa2+ 33. Kc1 Rf8 34. Qxc5 Qa1+ 35. Kc2 Rf2+ 0-1

[Event "SR 1. liga zapad 2010/2011"]
[Site "?"]
[Date "2011.02.13"]
[Round "7.5"]
[White "Schwarz, Dusan"]
[Black "Travenec, Igor"]
[Result "1-0"]
[WhiteElo "2294"]
[BlackElo "2233"]
[PlyCount "119"]
[EventDate "2010.??.??"]

1. d4 Nf6 2. c4 e6 3. Nc3 Bb4 4. a3 Bxc3+ 5. bxc3 c5 6. e3 Qc7 7. Bd3 d6 8. Ne2
e5 9. e4 Nc6 10. d5 Ne7 11. f3 Bd7 12. Rb1 O-O-O 13. Bg5 Nfg8 14. O-O f6 15.
Be3 g5 16. Qb3 Ng6 17. Rb2 Kb8 18. Rfb1 Bc8 19. Qd1 h5 20. Bc2 Ka8 21. Ba4 N8e7
22. g3 Rdg8 23. Nc1 g4 24. Nd3 Rd8 25. fxg4 Bxg4 26. Qf1 Qa5 27. Bd1 Bxd1 28.
Qxd1 Rd7 29. Qb3 f5 30. exf5 Nxf5 31. Bg5 Rf8 32. Nf2 Rdf7 33. Ne4 Qc7 34. Rf2
Qd7 35. Rbf1 Kb8 36. Kg2 Kc7 37. Qb1 h4 38. Qd3 hxg3 39. hxg3 Rh8 40. Nf6 Rxf6
41. Bxf6 e4 42. Qxe4 Nxg3 43. Qe6 Nxf1 44. Bxh8 Ne3+ 45. Qxe3 Nxh8 46. Qe6 Qg7+
47. Kf1 Qg3 48. Qe7+ Kb6 49. Qd8+ Ka6 50. Qxh8 Qd3+ 51. Kg2 Qxc4 52. Qh5 Qxc3
53. Qe2+ c4 54. Rf4 b5 55. a4 Qc1 56. axb5+ Kxb5 57. Qe8+ Kb4 58. Qb8+ Kc5 59.
Qxa7+ Kxd5 60. Qd4+ 1-0

[Event "SR 1. liga zapad 2010/2011"]
[Site "?"]
[Date "2011.02.13"]
[Round "7.5"]
[White "Vlcek, Stanislav"]
[Black "Hacik, Radomir"]
[Result "1-0"]
[WhiteElo "2257"]
[BlackElo "2176"]
[PlyCount "75"]
[EventDate "2010.??.??"]

1. Nf3 Nf6 2. c4 c5 3. d4 cxd4 4. Nxd4 Nc6 5. Nc3 e5 6. Ndb5 a6 7. Nd6+ Bxd6 8.
Qxd6 Qe7 9. Qd2 O-O 10. g3 d6 11. b3 Bf5 12. Bg2 Rfd8 13. O-O Nd4 14. Bb2 Rab8
15. Rac1 b5 16. Nd5 Nxd5 17. cxd5 Bg6 18. e3 Nf5 19. e4 Nh6 20. Rc6 Qb7 21. Qa5
f5 22. exf5 Nxf5 23. Qxa6 Ne7 24. Rxd6 Qxa6 25. Rxa6 Nxd5 26. Bxe5 Rbc8 27. Ra7
Nf6 28. a4 Rc5 29. Bxf6 gxf6 30. Rb7 bxa4 31. bxa4 Ra5 32. Ra1 Rd4 33. Bc6 Be4
34. Rd7 Rb4 35. Re1 Re5 36. Rxe4 Rbxe4 37. Bxe4 Rxe4 38. a5 1-0

[Event "SR 1. liga zapad 2010/2011"]
[Site "?"]
[Date "2011.02.13"]
[Round "7.6"]
[White "Bednar, Jan"]
[Black "Janos, Ivan"]
[Result "1/2-1/2"]
[WhiteElo "2104"]
[BlackElo "2152"]
[PlyCount "101"]
[EventDate "2010.??.??"]

1. d4 Nf6 2. c4 c5 3. d5 e6 4. Nc3 exd5 5. cxd5 d6 6. g3 g6 7. Bg2 Bg7 8. Nf3
O-O 9. O-O a6 10. a4 Re8 11. Nd2 Nbd7 12. Nc4 Ne5 13. Nxe5 Rxe5 14. e4 Rb8 15.
f4 Re8 16. e5 dxe5 17. fxe5 Nd7 18. e6 fxe6 19. dxe6 Bd4+ 20. Kh1 Nf6 21. Bf4
Bxe6 22. Bxb8 Qxb8 23. Qf3 Bg4 24. Qxb7 Qxb7 25. Bxb7 Rb8 26. Bxa6 Rxb2 27.
Bc4+ Kg7 28. Nb5 Bf2 29. Rxf2 Rxf2 30. Kg1 Ne4 31. Nc3 Bf3 32. Bf1 Rc2 33. Nxe4
Bxe4 34. a5 c4 35. a6 c3 36. a7 Ba8 37. Ra5 Rd2 38. Rc5 c2 39. Rc8 Kh6 40. Rc5
Be4 41. Rc4 Bb7 42. Rc5 Kg7 43. Rc7+ Kf6 44. Ba6 Be4 45. Bf1 Ke6 46. Rc4 Ba8
47. Rc8 Bb7 48. Rc7 Kd6 49. Rc3 Be4 50. Rc4 Bd5 51. Rc3 1/2-1/2

[Event "SR 1. liga zapad 2010/2011"]
[Site "?"]
[Date "2011.02.13"]
[Round "7.6"]
[White "Federic, Jozef"]
[Black "Castiglione, Mario"]
[Result "1-0"]
[WhiteElo "2283"]
[BlackElo "2288"]
[PlyCount "61"]
[EventDate "2010.??.??"]

1. d4 Nf6 2. g3 d5 3. Bg2 c6 4. Nf3 Bf5 5. O-O Nbd7 6. c4 dxc4 7. Nc3 e6 8. Bf4
Be7 9. Nd2 Nb6 10. Be5 O-O 11. e4 Bg6 12. Qe2 Nfd7 13. Bf4 c5 14. dxc5 Bxc5 15.
Nxc4 Nxc4 16. Qxc4 Rc8 17. Qa4 e5 18. Rad1 exf4 19. Rxd7 Qg5 20. Rd5 Qh6 21. e5
fxg3 22. hxg3 Bb6 23. Rd7 Bf5 24. Rxb7 Bd3 25. Rd1 Rc4 26. Qb3 Rd4 27. Nd5 Bc4
28. Qc2 Ba6 29. Rxd4 Bxd4 30. Rb4 Bxe5 31. Rh4 1-0

[Event "SR 1. liga zapad 2010/2011"]
[Site "?"]
[Date "2011.02.13"]
[Round "7.6"]
[White "Helbich, Branislav"]
[Black "Oprea, Erik"]
[Result "0-1"]
[WhiteElo "2021"]
[BlackElo "2137"]
[PlyCount "52"]
[EventDate "2010.??.??"]

1. e4 e5 2. Nf3 Nc6 3. Bb5 a6 4. Ba4 b5 5. Bb3 Na5 6. Nxe5 Nxb3 7. Nxf7 Qe7 8.
axb3 Qxe4+ 9. Kf1 Kxf7 10. Nc3 Qf5 11. g4 Qf6 12. Ne4 Qc6 13. Qf3+ Nf6 14. d3
Kg8 15. Bf4 Nxe4 16. dxe4 Bb7 17. Re1 Re8 18. Rg1 Bc5 19. Qg3 Rxe4 20. Bxc7
Rxe1+ 21. Kxe1 d6 22. Ba5 Qe4+ 23. Kd2 Qd4+ 24. Kc1 Qxf2 25. Re1 Qxg3 26. hxg3
Kf7 0-1

[Event "SR 1. liga zapad 2010/2011"]
[Site "?"]
[Date "2011.02.13"]
[Round "7.6"]
[White "Kubala, Jan"]
[Black "Machalova, Veronika"]
[Result "1/2-1/2"]
[WhiteElo "2230"]
[BlackElo "2233"]
[PlyCount "66"]
[EventDate "2010.??.??"]

1. e4 c5 2. Nf3 d6 3. d4 cxd4 4. Nxd4 Nf6 5. Nc3 Nc6 6. Be2 e6 7. O-O a6 8. Be3
Be7 9. Kh1 O-O 10. a4 Nxd4 11. Qxd4 e5 12. Qd2 Be6 13. f4 exf4 14. Bxf4 Qc7 15.
Rad1 Rfd8 16. Bf3 Rac8 17. Qf2 Nd7 18. Bh5 Nf6 19. Be2 Nd7 20. Qg3 Ne5 21. Bh5
g6 22. Bxe5 dxe5 23. Bg4 Rxd1 24. Rxd1 Rd8 25. Rxd8+ Bxd8 26. Bxe6 fxe6 27. Qd3
Be7 28. Nd1 Bc5 29. c3 Ba7 30. b4 Qb6 31. Qf1 Qc6 32. Qd3 Qb6 33. Qf1 Qc6
1/2-1/2

[Event "SR 1. liga zapad 2010/2011"]
[Site "?"]
[Date "2011.02.13"]
[Round "7.6"]
[White "Machalova, Maria"]
[Black "Peitl, Tomas"]
[Result "1-0"]
[WhiteElo "2190"]
[BlackElo "2186"]
[PlyCount "91"]
[EventDate "2010.??.??"]

1. c4 e5 2. Nc3 Nc6 3. g3 g6 4. Bg2 Bg7 5. e3 f5 6. Nge2 Nf6 7. O-O d6 8. d4
O-O 9. Rb1 a6 10. b4 Kh8 11. a4 Ne7 12. Ba3 g5 13. dxe5 dxe5 14. Qxd8 Rxd8 15.
b5 Ng6 16. bxa6 Rxa6 17. Bxb7 Bxb7 18. Rxb7 Rc6 19. c5 Rd2 20. Rd1 Rxd1+ 21.
Nxd1 Bf8 22. a5 Nd7 23. Ndc3 Nxc5 24. Bxc5 Bxc5 25. Nd5 Bd6 26. Nb4 Bxb4 27.
Rxb4 Ra6 28. Rb5 Kg7 29. Nc3 c6 30. Rc5 Nf8 31. Rxe5 Kf6 32. Rc5 Ne6 33. Rc4
Rxa5 34. Rxc6 f4 35. exf4 gxf4 36. Kg2 Ke5 37. Rc8 Ra3 38. g4 Rb3 39. h4 Kd4
40. Ne2+ Ke5 41. Rc3 Rb8 42. Kf3 Rb4 43. Ra3 Nc5 44. Nc1 Rd4 45. Ra5 Rd5 46.
Rxc5 1-0

[Event "SR 1. liga zapad 2010/2011"]
[Site "?"]
[Date "2011.02.13"]
[Round "7.6"]
[White "Sosovicka, Juraj"]
[Black "Machalova, Erika"]
[Result "1/2-1/2"]
[WhiteElo "2159"]
[BlackElo "2131"]
[PlyCount "59"]
[EventDate "2010.??.??"]

1. e4 c5 2. Nf3 d6 3. d4 cxd4 4. Nxd4 Nf6 5. Nc3 a6 6. Be3 e5 7. Nf3 Be6 8. Ng5
Qc7 9. Nxe6 fxe6 10. a4 Nbd7 11. g3 Nc5 12. Bg2 Be7 13. O-O O-O 14. a5 Rad8 15.
Re1 Kh8 16. b4 Ncd7 17. Na2 Qc6 18. Qd3 Rc8 19. Rac1 Ng4 20. c4 Nxe3 21. Qxe3
h6 22. h4 Qa4 23. Re2 Nb8 24. Bh3 Rf6 25. Qb6 Qc6 26. Qe3 Qe8 27. Qb6 Qc6 28.
Qe3 Qe8 29. Qb6 Qc6 30. Qe3 1/2-1/2

[Event "SR 1. liga zapad 2010/2011"]
[Site "?"]
[Date "2011.02.13"]
[Round "7.6"]
[White "Valent, Ivan"]
[Black "Antol, Ladislav"]
[Result "1/2-1/2"]
[WhiteElo "2235"]
[BlackElo "2069"]
[PlyCount "24"]
[EventDate "2010.??.??"]

1. e4 c5 2. Nf3 d6 3. Bb5+ Bd7 4. Bxd7+ Nxd7 5. O-O Ngf6 6. Qe2 e6 7. c4 Be7 8.
Nc3 O-O 9. d4 cxd4 10. Nxd4 Rc8 11. b3 d5 12. exd5 exd5 1/2-1/2

[Event "SR 1. liga zapad 2010/2011"]
[Site "?"]
[Date "2011.03.19"]
[Round "8.1"]
[White "Cambel, Vladimir"]
[Black "Reisel, Frantisek"]
[Result "0-1"]
[WhiteElo "2029"]
[BlackElo "2079"]
[PlyCount "56"]
[EventDate "2010.??.??"]

1. Nf3 d5 2. c4 c6 3. g3 Nf6 4. Bg2 g6 5. b3 Bg7 6. Bb2 O-O 7. O-O Bf5 8. d3
Qc8 9. Re1 Bh3 10. Bh1 Qf5 11. Nbd2 Qh5 12. e4 dxe4 13. dxe4 Na6 14. e5 Ng4 15.
Qe2 Nh6 16. Ne4 Rad8 17. Neg5 Bg4 18. Rad1 Nf5 19. Rxd8 Rxd8 20. Rd1 Rc8 21.
Bg2 Qxg5 22. Qe4 Bxf3 23. Qxf3 e6 24. b4 Rd8 25. b5 cxb5 26. Rxd8+ Qxd8 27.
Qxb7 Nc5 28. cxb5 Nxb7 0-1

[Event "SR 1. liga zapad 2010/2011"]
[Site "?"]
[Date "2011.03.19"]
[Round "8.1"]
[White "Dobrotka, Martin"]
[Black "Kubala, Jan"]
[Result "1-0"]
[WhiteElo "2238"]
[BlackElo "2230"]
[PlyCount "135"]
[EventDate "2010.??.??"]

1. d4 Nf6 2. c4 g6 3. g3 Bg7 4. Bg2 O-O 5. Nf3 d6 6. O-O Nbd7 7. Qc2 e5 8. Rd1
Re8 9. d5 Nc5 10. b4 Bf5 11. Qb2 Na4 12. Qb3 Bd7 13. Nc3 Nxc3 14. Qxc3 Ne4 15.
Qe3 f5 16. Bb2 f4 17. Qb3 Qf6 18. Nd2 Nxd2 19. Rxd2 Rf8 20. Rf1 Qg5 21. Bc1
Rae8 22. c5 Bf5 23. a4 e4 24. gxf4 Qh5 25. Bb2 Bxb2 26. Rxb2 Bg4 27. cxd6 cxd6
28. Qe3 Qxd5 29. Rc1 b6 30. Rd2 Qf7 31. Rxd6 Qxf4 32. Qxf4 Rxf4 33. e3 Rf7 34.
Rc4 Bf3 35. Bh3 Rfe7 36. Bd7 Rb8 37. Rc7 a5 38. b5 Kf8 39. h4 Rd8 40. Rc8 Rxc8
41. Bxc8 Rc7 42. Bh3 Rc4 43. Rxb6 Rxa4 44. Rb8+ Ke7 45. Rb7+ Kd6 46. Rxh7 Rb4
47. Ra7 Rxb5 48. Ra6+ Ke5 49. Kh2 Bh5 50. Kg3 Kd5 51. Bf1 Rc5 52. Kf4 Bf3 53.
Rxg6 Rc1 54. Rg5+ Kd6 55. Bg2 Bxg2 56. Rxg2 Rh1 57. Kxe4 Rxh4+ 58. f4 Kc5 59.
Rg8 a4 60. Ra8 Kb4 61. Ke5 a3 62. e4 Kb3 63. f5 a2 64. f6 Rh5+ 65. Ke6 Rh6 66.
e5 Rh4 67. f7 Rf4 68. Ke7 1-0

[Event "SR 1. liga zapad 2010/2011"]
[Site "?"]
[Date "2011.03.19"]
[Round "8.1"]
[White "Janos, Ivan"]
[Black "Hanko, Pavol"]
[Result "1-0"]
[WhiteElo "2152"]
[BlackElo "2179"]
[PlyCount "63"]
[EventDate "2010.??.??"]

1. e4 c5 2. Nf3 e6 3. d4 cxd4 4. Nxd4 Nf6 5. Nc3 d6 6. Be3 a6 7. Qd2 b5 8. a3
Bb7 9. f3 Nbd7 10. g4 h6 11. O-O-O d5 12. g5 hxg5 13. exd5 Nxd5 14. Bxg5 Qa5
15. Nb3 Qc7 16. Nxd5 Bxd5 17. Kb1 Bxf3 18. Bg2 Bxg2 19. Qxg2 Rc8 20. Rd2 Nf6
21. Rf1 Be7 22. h4 b4 23. axb4 Bxb4 24. Bf4 Qc4 25. Rd4 Qb5 26. Rxb4 Qxb4 27.
Qxg7 Qc4 28. Rf2 Ne4 29. Qxh8+ Kd7 30. Qh5 e5 31. Re2 Nd6 32. Qxe5 1-0

[Event "SR 1. liga zapad 2010/2011"]
[Site "?"]
[Date "2011.03.19"]
[Round "8.1"]
[White "Kaniansky, Miroslav"]
[Black "Sosovicka, Juraj"]
[Result "1/2-1/2"]
[WhiteElo "2185"]
[BlackElo "2159"]
[PlyCount "104"]
[EventDate "2010.??.??"]

1. d4 d5 2. Nf3 Nf6 3. c4 c6 4. Nc3 e6 5. Bg5 Nbd7 6. cxd5 exd5 7. e3 Be7 8.
Bd3 O-O 9. O-O Re8 10. Qc2 Nf8 11. Bxf6 Bxf6 12. b4 Bg4 13. Nd2 Rc8 14. Bf5
Bxf5 15. Qxf5 g6 16. Qf3 Ne6 17. Nb3 Ng5 18. Qf4 Be7 19. Nc5 b6 20. Nd3 Bd6 21.
Qg4 Ne4 22. Rfc1 h5 23. Qf3 Re6 24. Rc2 Rf6 25. Qh3 Ng5 26. Qh4 Rf4 27. Qxf4
Bxf4 28. Nxf4 Ne6 29. Nce2 Nxf4 30. Nxf4 Qd6 31. Nd3 h4 32. h3 f6 33. Rac1 Kg7
34. b5 c5 35. dxc5 bxc5 36. Nxc5 Re8 37. Nb3 Re7 38. Rc6 Qb4 39. Nd4 Kf7 40.
R6c5 Rd7 41. R1c2 g5 42. Rc6 Kg6 43. Ra6 Rb7 44. Kh2 Qb1 45. Rcc6 Rf7 46. a4
Qf1 47. Rc2 Rh7 48. Nf3 Re7 49. Rd2 Kf7 50. Rc2 Kg6 51. Rd2 Kf7 52. Rc2 Kg6
1/2-1/2

[Event "SR 1. liga zapad 2010/2011"]
[Site "?"]
[Date "2011.03.19"]
[Round "8.1"]
[White "Lakatos, Vladimir"]
[Black "Djubek, Boris"]
[Result "1/2-1/2"]
[WhiteElo "2162"]
[BlackElo "2175"]
[PlyCount "53"]
[EventDate "2010.??.??"]

1. c4 c5 2. Nc3 Nc6 3. g3 b6 4. Bg2 Bb7 5. e3 Qc8 6. d3 Nf6 7. Nge2 e6 8. O-O
Be7 9. f4 O-O 10. e4 d6 11. h3 Ne8 12. f5 Bf6 13. Kh2 Nd4 14. Nf4 Be5 15. Nh5
Nf6 16. Nxf6+ Bxf6 17. g4 Qd8 18. Bf4 Be5 19. Qd2 Qg5 20. Rad1 Bxf4+ 21. Rxf4
e5 22. Rf2 Qxd2 23. Rdxd2 f6 24. Kg3 Bc6 25. Nd5 Kf7 26. h4 h6 27. Bf3 1/2-1/2

[Event "SR 1. liga zapad 2010/2011"]
[Site "?"]
[Date "2011.03.19"]
[Round "8.1"]
[White "Oprea, Erik"]
[Black "Detko, Jan"]
[Result "0-1"]
[WhiteElo "2137"]
[BlackElo "2144"]
[PlyCount "148"]
[EventDate "2010.??.??"]

1. e4 e6 2. d4 d5 3. exd5 exd5 4. Bd3 Bd6 5. Nc3 c6 6. Nf3 Ne7 7. O-O O-O 8.
Ng5 Bf5 9. Bxf5 Nxf5 10. Qh5 h6 11. Nf3 Qf6 12. Be3 Nd7 13. Rae1 Rfe8 14. g4
Ne7 15. Qh3 g5 16. Nd2 Kg7 17. f4 gxf4 18. g5 Qxg5+ 19. Kh1 Qf5 20. Qg2+ Kh7
21. Bf2 Ng6 22. Nf3 Nf6 23. Rg1 Rxe1 24. Bxe1 Re8 25. Nh4 Qh5 26. Nf3 Re3 27.
Rf1 Ne4 28. Nd1 Rxf3 29. Qxf3 Qxf3+ 30. Rxf3 Ne7 31. Rb3 b5 32. a4 a6 33. axb5
axb5 34. Rd3 Kg6 35. Kg2 Kf5 36. Nf2 Ng6 37. Rh3 Kg5 38. Kf3 Nf6 39. Ke2 h5 40.
Nd3 Ng4 41. Bd2 Nf6 42. Rg3+ Kf5 43. Rg1 Ng4 44. h3 Nf6 45. Bb4 Bc7 46. Ra1 Nh4
47. Be7 f3+ 48. Kf1 Bg3 49. Bxf6 Kxf6 50. Ra6 Ng2 51. Nf2 Ne3+ 52. Kg1 Kf5 53.
Rxc6 Bh4 54. Rc7 f6 55. c3 Kf4 56. Nd3+ Ke4 57. Nc5+ Kf4 58. Nd3+ Ke4 59. Nf2+
Kf4 60. Rh7 Bxf2+ 61. Kxf2 Nd1+ 62. Kf1 Nxb2 63. Rb7 Nd1 64. Rxb5 Kg3 65. Rb1
Ne3+ 66. Ke1 f2+ 67. Ke2 f1=Q+ 68. Rxf1 Nxf1 69. c4 Kf4 70. cxd5 Ng3+ 71. Kd3
Ne4 72. Kc4 Ke3 73. Kb5 Kxd4 74. Kc6 f5 0-1

[Event "SR 1. liga zapad 2010/2011"]
[Site "?"]
[Date "2011.03.19"]
[Round "8.1"]
[White "Peitl, Tomas"]
[Black "Helbich, Jan"]
[Result "0-1"]
[WhiteElo "2186"]
[BlackElo "2222"]
[PlyCount "90"]
[EventDate "2010.??.??"]

1. e4 c5 2. Nf3 d6 3. d4 cxd4 4. Nxd4 Nf6 5. Nc3 a6 6. Bg5 e6 7. f4 Be7 8. Qf3
Qc7 9. O-O-O Nbd7 10. g4 b5 11. Bxf6 Nxf6 12. g5 Nd7 13. h4 b4 14. Nce2 Bb7 15.
Ng3 O-O-O 16. Bd3 g6 17. Qe2 Qb6 18. Nf3 h6 19. Kb1 Kb8 20. h5 hxg5 21. fxg5
gxh5 22. Nxh5 Rdg8 23. Rdg1 Ka7 24. Ng3 Bxg5 25. Nxg5 Rxg5 26. Rxh8 Qxg1+ 27.
Nf1 Rg2 28. Qe1 Nc5 29. Rh7 Qf2 30. Qxf2 Rxf2 31. Rh1 Nxe4 32. Rg1 Kb6 33. Kc1
f5 34. Kd1 Nc5 35. Nd2 Nxd3 36. cxd3 Kc5 37. Nb3+ Kd5 38. Kc1 Bc6 39. Rh1 Bb5
40. Rh4 e5 41. Rh3 f4 42. Nd2 Rg2 43. Ne4 Kd4 44. Nd2 Rg3 45. Rh6 d5 0-1

[Event "SR 1. liga zapad 2010/2011"]
[Site "?"]
[Date "2011.03.19"]
[Round "8.1"]
[White "Vrablik, Miroslav"]
[Black "Breja, Stanislav"]
[Result "0-1"]
[WhiteElo "2106"]
[BlackElo "2079"]
[PlyCount "68"]
[EventDate "2010.??.??"]

1. e4 e5 2. Nf3 Nf6 3. d4 Nxe4 4. Bd3 d5 5. Nxe5 Nd7 6. Nxd7 Bxd7 7. O-O Qh4 8.
Nc3 Nxc3 9. bxc3 O-O-O 10. Be3 Bd6 11. g3 Qh3 12. Re1 h5 13. Bf1 Qf5 14. Qd3 h4
15. Qxf5 Bxf5 16. Bd3 Bh3 17. Bf1 hxg3 18. Bxh3+ Rxh3 19. fxg3 Rdh8 20. Bf4
Bxf4 21. gxf4 Rxh2 22. Re8+ Rxe8 23. Kxh2 Re2+ 24. Kg3 Rxc2 25. Rh1 Rxa2 26.
Rh7 Rc2 27. Rxg7 Rxc3+ 28. Kg4 f6 29. Kf5 Rc6 30. Rh7 b5 31. Rh8+ Kb7 32. Rd8
Rd6 33. Rxd6 cxd6 34. Kxf6 b4 0-1

[Event "SR 1. liga zapad 2010/2011"]
[Site "?"]
[Date "2011.03.19"]
[Round "8.2"]
[White "Borik, Juraj"]
[Black "Ac, Michal"]
[Result "0-1"]
[WhiteElo "2206"]
[BlackElo "2177"]
[PlyCount "78"]
[EventDate "2010.??.??"]

1. e4 c5 2. Nf3 d6 3. d4 Nf6 4. Nc3 cxd4 5. Bb5+ Nc6 6. Qxd4 Bd7 7. Bxc6 Bxc6
8. Bg5 e6 9. O-O-O Be7 10. Rhe1 O-O 11. Kb1 Qa5 12. Rd3 Rfd8 13. h3 b5 14. a3
Rab8 15. Bd2 Qc7 16. g4 d5 17. exd5 Nxd5 18. Qe5 Qb7 19. Ne4 Nf6 20. Neg5 Bd5
21. Bb4 Bxb4 22. axb4 h6 23. Nxf7 Qxf7 24. Nd4 Rb6 25. g5 hxg5 26. Qxg5 Ra8 27.
Rg1 Rb7 28. f4 a5 29. f5 e5 30. Nb3 axb4 31. Qh4 Bxb3 32. cxb3 Rba7 33. Rxg7+
Kxg7 34. Rg3+ Kf8 35. Qxb4+ Qe7 36. Qh4 Ra1+ 37. Kc2 Rc8+ 38. Kd2 Qd6+ 39. Rd3
Rd1+ 0-1

[Event "SR 1. liga zapad 2010/2011"]
[Site "?"]
[Date "2011.03.19"]
[Round "8.2"]
[White "Hacik, Radomir"]
[Black "Bombek, Peter"]
[Result "0-1"]
[WhiteElo "2176"]
[BlackElo "2228"]
[PlyCount "66"]
[EventDate "2010.??.??"]

1. e4 e6 2. d4 d5 3. Nd2 c5 4. c3 cxd4 5. cxd4 dxe4 6. Nxe4 Nf6 7. Nxf6+ Qxf6
8. Nf3 Nc6 9. Bd3 Bb4+ 10. Kf1 h6 11. h4 Bd7 12. Be3 Ba5 13. Rh3 O-O-O 14. Be4
Kb8 15. b4 Bb6 16. b5 Nxd4 17. Nxd4 Bxd4 18. Rb1 Bxe3 19. Qd6+ Ka8 20. Bxb7+
Kxb7 21. Qa6+ Ka8 22. Rxe3 Bc8 23. Qa5 Qg6 24. Rc1 Bb7 25. Rg3 Qe4 26. Rxg7
Rdg8 27. b6 a6 28. Qc3 Rc8 29. Qd2 Rxc1+ 30. Qxc1 Qxh4 31. Kg1 Qd4 32. Rxf7
Qxb6 33. Rf6 Rg8 0-1

[Event "SR 1. liga zapad 2010/2011"]
[Site "?"]
[Date "2011.03.19"]
[Round "8.2"]
[White "Hudec, Jan"]
[Black "Orgon, Dusan"]
[Result "0-1"]
[WhiteElo "2067"]
[BlackElo "2086"]
[PlyCount "96"]
[EventDate "2010.??.??"]

1. d4 f5 2. Nf3 Nf6 3. Bf4 d5 4. g3 e6 5. Bg2 c6 6. O-O Be7 7. c4 O-O 8. Nc3
Nbd7 9. Qd3 Ne4 10. Ne5 g5 11. Nxd7 Bxd7 12. Be5 Be8 13. e3 Bg6 14. f3 Nd6 15.
Bxd6 Qxd6 16. c5 Qd7 17. f4 b6 18. b4 b5 19. a4 a6 20. Ra2 Ra7 21. Rfa1 Rfa8
22. Bf1 Be8 23. Qc2 Bf6 24. Bd3 gxf4 25. gxf4 Kf8 26. Qe2 Qg7+ 27. Kh1 Bxd4 28.
exd4 Qxd4 29. axb5 Qxc3 30. b6 Rg7 31. Rb1 Bh5 32. Qxh5 Qxd3 33. Rg1 Rxg1+ 34.
Kxg1 Qb1+ 35. Kf2 Qxa2+ 36. Kg3 Qb2 37. Kf3 Qc3+ 38. Ke2 Qc2+ 39. Ke1 Qe4+ 40.
Kd1 Qd4+ 41. Kc2 Qc4+ 42. Kd1 Qb3+ 43. Ke2 Qb2+ 44. Kd1 Qg7 45. Kc2 a5 46. b5
cxb5 47. Qe2 Qd7 48. Qe5 Kf7 0-1

[Event "SR 1. liga zapad 2010/2011"]
[Site "?"]
[Date "2011.03.19"]
[Round "8.2"]
[White "Kovacik, Emil"]
[Black "Bezuch, Martin"]
[Result "1-0"]
[WhiteElo "2232"]
[BlackElo "2198"]
[PlyCount "133"]
[EventDate "2010.??.??"]

1. e4 g6 2. d4 Bg7 3. Nc3 d6 4. f4 Nd7 5. Nf3 a6 6. a4 e6 7. Be3 Ne7 8. Qd2 b6
9. Be2 Bb7 10. h3 Rc8 11. O-O Nf6 12. Bd3 d5 13. e5 Nd7 14. Ne2 c5 15. c3 Nc6
16. g4 Na5 17. Qd1 cxd4 18. cxd4 Qe7 19. f5 gxf5 20. gxf5 Rg8 21. Kh2 exf5 22.
Bf4 Nc4 23. Ng3 Nxb2 24. Qb1 Nxd3 25. Qxd3 Qb4 26. Nxf5 Qb2+ 27. Nd2 Rc2 28.
Nd6+ Kf8 29. Qf5 Nxe5 30. dxe5 Rxd2+ 31. Bxd2 Qxe5+ 32. Qxe5 Bxe5+ 33. Bf4 Bxa1
34. Nxb7 Bc3 35. Bh6+ Ke7 36. Bf4 Rg6 37. Rb1 a5 38. Rd1 Ke6 39. Nd6 Bb4 40.
Nb5 Kf5 41. Bg3 Bc5 42. Rxd5+ Ke4 43. Re5+ Kd3 44. Rf5 Kc4 45. Rxf7 Kb3 46.
Rxh7 Kxa4 47. Nc3+ Kb3 48. Ne4 Bb4 49. Kg2 a4 50. Kf3 a3 51. Be5 a2 52. Rb7 Ba5
53. h4 Kc4 54. Rg7 Rh6 55. Rg4 Kd5 56. Ba1 Be1 57. h5 b5 58. Rg6 Bd2 59. Nxd2
Rxh5 60. Rg1 Kc5 61. Ke2 Kb4 62. Kd3 Ka3 63. Rg8 Rd5+ 64. Kc2 Rc5+ 65. Kd1 Rh5
66. Ra8+ Kb4 67. Rxa2 1-0

[Event "SR 1. liga zapad 2010/2011"]
[Site "?"]
[Date "2011.03.19"]
[Round "8.2"]
[White "Motuz, Karol"]
[Black "Havlicek, Libor"]
[Result "1-0"]
[WhiteElo "2245"]
[BlackElo "2330"]
[PlyCount "167"]
[EventDate "2010.??.??"]

1. e4 c5 2. c3 d5 3. exd5 Qxd5 4. d4 e6 5. Nf3 Nf6 6. Be3 cxd4 7. cxd4 Nc6 8.
Nc3 Qa5 9. Be2 Nb4 10. O-O Be7 11. Ne5 O-O 12. Bf3 Nbd5 13. Qb3 Rd8 14. Rac1
Qb4 15. Qc2 Qa5 16. Bg5 Nb4 17. Qd2 h6 18. Be3 Nd7 19. Nc4 Qf5 20. Ne4 Nf6 21.
Ncd6 Rxd6 22. Nxf6+ Qxf6 23. Qxb4 a5 24. Qb5 Rd8 25. Rc2 Bd6 26. Rfc1 Qe7 27.
g3 a4 28. a3 e5 29. dxe5 Bxe5 30. Bb6 Re8 31. Re2 Bd7 32. Qd3 Qf6 33. Bxb7 Bf5
34. Qb5 Rab8 35. Bc7 Rec8 36. Qxe5 Qxe5 37. Rxe5 Rxb7 38. Rxf5 Rbxc7 39. Rxc7
Rxc7 40. Rf4 Rc2 41. Rxa4 Rxb2 42. h4 Ra2 43. h5 f5 44. Kg2 Kf7 45. Ra6 Ra1 46.
a4 Ra3 47. a5 Ra2 48. Kf3 Ra4 49. Ke3 Ra2 50. f3 Ra4 51. Ra8 Kf6 52. f4 Ra3+
53. Kd4 Rxg3 54. a6 Ra3 55. Kc5 Ra4 56. Kb5 Ra1 57. Rf8+ Ke6 58. Kb6 Rb1+ 59.
Kc7 Rc1+ 60. Kb7 Rb1+ 61. Ka8 Rb5 62. Rg8 Rb6 63. Ka7 Rb4 64. Rxg7 Kd6 65. Rb7
Rxf4 66. Kb8 Re4 67. Rb6+ Kc5 68. Rxh6 Re8+ 69. Kc7 Re7+ 70. Kd8 Ra7 71. Rf6
Kd4 72. Kc8 Ke5 73. Rb6 Kd5 74. Kb8 Rf7 75. a7 Kc5 76. Rc6+ Kxc6 77. a8=Q+ Kd6
78. Qa6+ Ke7 79. Qg6 f4 80. h6 f3 81. h7 f2 82. h8=Q f1=Q 83. Qe5+ Kf8 84. Qh6+
1-0